| 000 | 00773nam a2200253Ia 4500 | ||
|---|---|---|---|
| 003 | OSt | ||
| 005 | 20250603103021.0 | ||
| 008 | 210716s2010 xx 000 0 und d | ||
| 020 | _a9788126523382 | ||
| 040 | _cAIMIT LIBRARY | ||
| 041 | _aeng | ||
| 082 |
_a005.7402 _21 _bNIEP |
||
| 100 |
_aNielsen, Paul. _9212468 |
||
| 245 |
_aMicrosoft sql server 2008 bible / _cBy Paul Nielsen ...[et.al.]. |
||
| 250 | _a1st ed. | ||
| 260 |
_aNew Delhi : _bWiley India Pvt Ltd , _c2010. |
||
| 300 |
_axxxviii,1642 p.; _bPB _c24.5 cm. |
||
| 650 |
_aRelational database design _9212469 |
||
| 650 |
_aClient connectivity _9212470 |
||
| 650 | _2Manipulating data with select | ||
| 700 |
_aWhite, Paul. _9212471 |
||
| 700 |
_aParui, Uttam. _9212472 |
||
| 942 |
_2ddc _cBK _k005.7402 NIEP |
||
| 999 |
_c190554 _d190554 |
||